000 00542nam a2200169 i 4500
001 bg
100 1 _aGŁUSKI, Tadeusz
245 0 _aMagnetofony ZK 246 i M 2404S. Budowa, działanie i naprawa /
_cTadeusz Głuski, Mieczysław Próchnicki.
260 _aWarszawa :
_bWydawn. Komunik. i Łączn.,
_c1977.
300 _as. 253, nlb. 3 :
_brys., tab., tabl. [w tym] luźn. nlb. 2.
700 1 _aPRÓCHNICKI, Mieczysław
040 _cBPK
041 _apol
080 _a681.84/.85
942 _cKS
008 s pl f |000 0 pol
999 _c27676
_d27676
856 _uhttp://koha.tu.koszalin.pl/cgi-bin/koha/opac-detail.pl?biblionumber=27676
_yKatalog online BPK